Entrepreneurship (Record no. 10812)

MARC details
000 -LEADER
fixed length control field 00385nam a2200157Ia 4500
008 - FIXED-LENGTH DATA ELEMENTS--GENERAL INFORMATION
fixed length control field 191201s2011 xx 000 0 und d
082 ## - DEWEY DECIMAL CLASSIFICATION NUMBER
Classification number 658.421
Item number HIE
100 ## - MAIN ENTRY--PERSONAL NAME
Personal name HISRICH, Robert D
245 #0 - TITLE STATEMENT
Title Entrepreneurship
250 ## - EDITION STATEMENT
Edition statement 11th
260 ## - PUBLICATION, DISTRIBUTION, ETC. (IMPRINT)
Place of publication, distribution, etc New Delhi
Name of publisher, distributor, etc Mc Graw Hill
Date of publication, distribution, etc 2020
300 ## - PHYSICAL DESCRIPTION
Extent 558
650 ## - SUBJECT ADDED ENTRY--TOPICAL TERM
Topical term or geographic name as entry element B Com
700 ## - ADDED ENTRY--PERSONAL NAME
Personal name PETERS, Michael P and others
942 ## - ADDED ENTRY ELEMENTS (KOHA)
Source of classification or shelving scheme Dewey Decimal Classification
Koha item type Text Books
942 ## - ADDED ENTRY ELEMENTS (KOHA)
-- 1
Holdings
Withdrawn status Lost status Source of classification or shelving scheme Damaged status Not for loan Collection code Home library Current library Date acquired Source of acquisition Currency Cost, normal purchase price Bill Number Total Checkouts Full call number Acc. no. / Barcode Date last seen Date last borrowed Actual Cost, discounted price Bill Date Koha item type
    Dewey Decimal Classification     B.Com PIET NCR College Library PIET NCR College Library 24/07/2021 Kirti Prakashan IN Rupees 825.00 IN2290 1 658.421 HIE N1711 24/01/2023 04/01/2023 561.00 24/07/2021 Text Books
    Dewey Decimal Classification     B.Com PIET NCR College Library PIET NCR College Library 24/07/2021 Kirti Prakashan IN Rupees 825.00 IN2290   658.421 HIE N1712 06/08/2021   561.00 24/07/2021 Text Books

Design & Developed by: PIET Central Library
R70 Miles Stone Pattikalyana Samalkha Panipat 132102
mail ID :- [email protected], Phone No:- 0180-2569700 Ex.216